| 000 | 01169nam a22003497a 4500 | ||
|---|---|---|---|
| 003 | CHAP | ||
| 005 | 20220329143750.0 | ||
| 008 | 110728s2009 cu a r 00010 spa d | ||
| 010 | _a101630 | ||
| 011 | _a102602 | ||
| 020 | _a9789590710285 | ||
| 035 | _a113291 | ||
| 040 | _cCHAP | ||
| 082 | 0 | 4 |
_a636.0824 _bB77 2009 |
| 100 | 0 | 0 |
_aBrito Capallejas, Roberto. _915435 |
| 245 | 1 | 0 |
_aFisiología de la reproducción animal : _bcon elementos de biotecnología _c/por Roberto Brito Capalejas |
| 250 | _a2 ed. | ||
| 260 |
_aLa Habana, Cub. : _bFélix Varela, _c2009 |
||
| 300 |
_aXX, 238 p. : _bilus., tablas |
||
| 590 |
_aBATCH-UPD _b10 _c20130110 _lUCH01 _h1731 |
||
| 590 |
_aBATCH-UPD _b10 _c20130410 _lUCH01 _h1112 |
||
| 590 |
_aBATCH-UPD _b10 _c20130914 _lUCH01 _h0647 |
||
| 590 |
_aCONVERSION _b10 _c20130109 _lUCH01 _h1356 |
||
| 650 | 1 | 4 |
_aBiotecnología animal. _912891 |
| 650 | 1 | 4 |
_aFisiología animal. _941131 |
| 650 | 1 | 4 |
_aMorfología animal. _978771 |
| 650 | 1 | 4 |
_aObstetricia veterinaria. _982589 |
| 650 | 1 | 4 |
_aReproducción animal. _996028 |
| 901 | _aBK | ||
| 942 | _cLIBRO | ||
| 949 |
_a636.0824 B77 2009 _bBC _cLIBRO _d33724002245074 _eLIBRO _h115399 _i113291 _sb |
||
| 999 |
_c101630 _d101630 |
||